Țările Europei – quiz pe hartă - Statistics

General Stats
  • This quiz has been taken 81 times
  • The average score is 29 of 45
Answers on the Map
Answers color-coded by a green-red scale on the quiz's map according to % correct below.
 
Answer Stats
Answer % Correct
Spania
86%
Irlanda
82%
Islanda
82%
Italia
82%
Regatul Unit
82%
Franța
80%
Portugalia
80%
Germania
77%
Finlanda
75%
Grecia
75%
Norvegia
75%
România
75%
Rusia
75%
Belgia
68%
Danemarca
68%
Polonia
68%
Suedia
68%
Austria
66%
Belarus
66%
Bulgaria
64%
Elveția
64%
Estonia
64%
Moldova
64%
Serbia
64%
Ucraina
64%
Letonia
61%
Luxemburg
61%
San Marino
61%
Vatican
61%
Olanda
59%
Ungaria
59%
Malta
57%
Monaco
57%
Albania
55%
Andora
55%
Cehia
55%
Liechtenstein
55%
Croația
52%
Muntenegru
52%
Slovacia
52%
Bosnia și Herțegovina
50%
Kosovo
45%
Lituania
45%
Macedonia de Nord
45%
Slovenia
45%
No matching quizzes found
Score Distribution
Percent of People with Each Score
Percentile by Number Answered
Your Score History
You have not taken this quiz